| 000 | 00747nam a22002297a 4500 | ||
|---|---|---|---|
| 005 | 20170124110200.0 | ||
| 010 | _aB-222333 | ||
| 020 |
_a9788172733032 _c350.00 |
||
| 035 | _aB-222333 | ||
| 037 | _bCen Lib/Ret | ||
| 040 |
_aDPL _bEN |
||
| 082 |
_a070.0285 _2SEN |
||
| 100 |
_aSengupta, Aditya _935963 |
||
| 245 |
_aElectronic journalism : _cby Aditya Sengupta _bprinciples and practices / |
||
| 260 |
_a Delhi _bAuthors Press _c2006 |
||
| 270 |
_aE-35/103, Jawahar Park Laxmi Nagar _b Delhi _e110092 |
||
| 300 |
_a168p. _c22cm(Hb) |
||
| 500 | _aIncludes bibliographical reference and index | ||
| 650 |
_aTelevision broadcasting of news _935964 |
||
| 650 |
_aRadio journalism _935965 |
||
| 942 |
_2ddc _cEN _h070.0285 _mSEN |
||
| 999 |
_c132861 _d132861 |
||